000 00405nam a2200145 4500
008 191029s2015||||xo d
100 1 _aZubercová Mintalová Zora
_91427
245 1 0 _aTradície na Slovensku
_bRodinné aj výrocné sviatky a zvyky
250 _a1.vydanie
260 _bSlovart
_aBratislava
_c2015
300 _a359s.
020 _a9788055614823
_c14,20
041 1 _aslo
044 _axo
_cSK
999 _c22786
_d22786